| 000 | 00953cab a2200265 4500 | ||
|---|---|---|---|
| 001 | ABS50927 | ||
| 008 | 090401t1994 xxu||||| |||| 00| 0 eng d | ||
| 035 | _a(Sirsi) u1985 | ||
| 041 | _aeng | ||
| 100 | _aRoebuck, S. | ||
| 245 | _aCalculating capacity | ||
| 260 | _c1994 | ||
| 350 | _a0 | ||
| 490 |
_aPlanning Week _v2(24) 16 June 1994, 14-15(2) |
||
| 520 | _aExplains the methods employed in a study by the Building Design Partnership of a historic town, Chester, which has reached its environmental capacity. This is part of a wider debate about the need to secure sustainable development to enhance the future of our cities. It identifies problems and future issues. | ||
| 650 | _aBUILDING DESIGN PARTNERSHIP | ||
| 650 | _aCHESTER | ||
| 650 | _aENVIRONMENTAL CAPACITY | ||
| 650 | _aHISTORIC TOWNS | ||
| 650 | _aPLANNING ISSUES | ||
| 690 | _aCONSERVATION | ||
| 690 | _aPLANNING LAW AND PRACTICE | ||
| 942 | _n0 | ||
| 948 | _c04/03/1997 | ||
| 999 |
_c1171 _d1171 |
||